Гормональный фактор пространства и времени внутренней среды организма (Запись № 296489)

Подробности
000 -МАРКЕР
контрольное поле 02024nam0a2200421 4500
001 - ИДЕНТИФИКАТОР ЗАПИСИ
контрольное поле RU\NLR\bibl\965816
005 - ИДЕНТИФИКАТОР ВЕРСИИ
контрольное поле 20260406074912.0
010 ## - МЕЖДУНАРОДНЫЙ СТАНДАРТНЫЙ НОМЕР КНИГИ (ISBN)
Номер (ISBN) 5-02-026252-8
Тираж 800
021 ## - НОМЕР ГОСУДАРСТВЕННОЙ РЕГИСТРАЦИИ
Код страны российская федерация
Номер 2006-36517
Номер Листа государственной регистраци 1830
035 ## - ДРУГИЕ СИСТЕМНЫЕ НОМЕРА
Идентификатор записи (NLR Aleph) 000953816
100 ## - ДАННЫЕ ОБЩЕЙ ОБРАБОТКИ
Данные общей обработки 20060707d2006 |||y0rusy50 ca
101 0# - ЯЗЫК РЕСУРСА
Язык текста, звукозаписи и т.д. русский
Язык резюме английский
Язык оглавления английский
102 ## - СТРАНА ПУБЛИКАЦИИ ИЛИ ПРОИЗВОДСТВА
Страна публикации российская федерация
105 ## - ПОЛЕ КОДИРОВАННЫХ ДАННЫХ: ТЕКСТОВЫЕ МАТЕРИАЛЫ, МОНОГРАФИЧЕСКИЕ
Кодированные данные о монографическом текстовом документе a |||||||||
200 1# - ЗАГЛАВИЕ И СВЕДЕНИЯ ОБ ОТВЕТСТВЕННОСТИ
Основное заглавие Гормональный фактор пространства и времени внутренней среды организма
Параллельное заглавие Hormonal factor of internal space and time of an organism
Первые сведения об ответственности М. П. Чернышева, А. Д. Ноздрачев
Язык параллельного заглавия английский
210 ## - ПУБЛИКАЦИЯ, РАСПРОСТРАНЕНИЕ И ДР.
Место издания, распространения и т.д. Санкт-Петербург
Имя издателя, распространителя и т. д. Наука
Дата издания, распространения и т.д. 2006
215 ## - ФИЗИЧЕСКАЯ ХАРАКТЕРИСТИКА
Специфическое обозначение материала и объем 244, [1] с.
Другие сведения о физической характеристике ил.
Размеры 22
300 ## - ОБЩИЕ ПРИМЕЧАНИЯ
Текст примечания Авт. также на англ. яз.: M. P. Chernisheva, A. D. Nozdrachev
300 ## - ОБЩИЕ ПРИМЕЧАНИЯ
Текст примечания Рез. на англ. яз.
320 ## - ПРИМЕЧАНИЯ О НАЛИЧИИ В ДОКУМЕНТЕ БИБЛИОГРАФИИ / УКАЗАТЕЛЯ
Текст примечания Библиогр.: с. 207-240
510 0# - ПАРАЛЛЕЛЬНОЕ ЗАГЛАВИЕ
Связь между полями z11790
Параллельное заглавие Hormonal factor of internal space and time of an organism
Язык заглавия английский
606 1# - НАИМЕНОВАНИЕ ТЕМЫ КАК ПРЕДМЕТ
Наименование темы Нейро-гуморальная регуляция
Системный номер авторитетной/нормативной записи 904226
Идентификатор авторитетной/нормативной записи RU\NLR\auth\669271
606 1# - НАИМЕНОВАНИЕ ТЕМЫ КАК ПРЕДМЕТ
Наименование темы Гомеостаз
Системный номер авторитетной/нормативной записи 1261546
Идентификатор авторитетной/нормативной записи RU\NLR\auth\66200479
606 1# - НАИМЕНОВАНИЕ ТЕМЫ КАК ПРЕДМЕТ
Наименование темы Физиологические процессы
Тематический подзаголовок Ритм
Системный номер авторитетной/нормативной записи 1144693
Идентификатор авторитетной/нормативной записи RU\NLR\auth\66137681
686 ## - ИНДЕКСЫ ДРУГИХ КЛАССИФИКАЦИЙ
Индекс Е991.718
686 ## - ИНДЕКСЫ ДРУГИХ КЛАССИФИКАЦИЙ
Индекс Е903,11
700 #1 - ИМЯ ЛИЦА - ПЕРВИЧНАЯ ОТВЕТСТВЕННОСТЬ
Код отношения Автор
Материалы, к которым относится поле rus
Графика поля Кириллица
Начальный элемент ввода Чернышева
Часть имени, кроме начального элемента ввода М. П.
Дополнения к именам, кроме дат д-р биол. наук
Расширение инициалов личного имени Марина Павловна
Идентификатор авторитетной/нормативной записи RU\NLR\AUTH\7741155
Системный номер авторитетной/нормативной записи 24105
701 #1 - ИМЯ ЛИЦА - АЛЬТЕРНАТИВНАЯ ОТВЕТСТВЕННОСТЬ
Код отношения Автор
Материалы, к которым относится поле rus
Графика поля Кириллица
Начальный элемент ввода Ноздрачев
Часть имени, кроме начального элемента ввода А. Д.
Даты 1931-
Расширение инициалов личного имени Александр Данилович
Идентификатор авторитетной/нормативной записи RU\NLR\AUTH\7735636
Системный номер авторитетной/нормативной записи 18633
790 #1 - ИМЯ ЛИЦА - АЛЬТЕРНАТИВНАЯ ФОРМА
Код отношения Автор
Материалы, к которым относится поле rus
Графика поля Латинская
Начальный элемент ввода Černyšova
Часть имени, кроме начального элемента ввода M. P.
Дополнения к именам, кроме дат д-р биол. наук
Расширение инициалов личного имени Marina Pavlovna
Идентификатор авторитетной/нормативной записи RU\NLR\AUTH\7741159
Системный номер авторитетной/нормативной записи 24109
790 #1 - ИМЯ ЛИЦА - АЛЬТЕРНАТИВНАЯ ФОРМА
Код отношения Автор
Материалы, к которым относится поле rus
Графика поля Латинская
Начальный элемент ввода Nozdračev
Часть имени, кроме начального элемента ввода A. D.
Даты 1931-
Расширение инициалов личного имени Aleksandr Danilovič
Идентификатор авторитетной/нормативной записи RU\NLR\AUTH\7735637
Системный номер авторитетной/нормативной записи 18634
801 #0 - ИСТОЧНИК ЗАПИСИ
Страна российская федерация
Организация NLR
Дата составления 20060707
Правила каталогизации rcr
801 #1 - ИСТОЧНИК ЗАПИСИ
Страна российская федерация
Организация NLR
Дата составления 20060707
830 ## - ОБЩЕЕ ПРИМЕЧАНИЕ, СОСТАВЛЕННОЕ КАТАЛОГИЗАТОРОМ
Текст примечания Авт. по кн.
942 ## - ДОПОЛНИТЕЛЬНЫЕ ЭЛЕМЕНТЫ ЗАПИСИ (АБИС)
Тип экземпляра АБИС Книга
980 ## - КОЛЛЕКЦИЯ
Название коллекции Национальная библиография
Экземпляры
Тип экземпляра Дата поступления Источник поступления Стоимость Библиотека постоянного хранения Библиотека текущего хранения Место хранения Шифр хранения Штрих-код Статус не для выдачи
Книга 07.07.2006 Дар 150.00 РНБ (Московский) РНБ (Московский) Русский книжный фонд: издания с 1957 года, 3этаж 2006-5/4822 2225053  
Книга 16.08.2006 Обязательный экземпляр   РНБ (Московский) РНБ (Московский) Русский книжный фонд: издания с 1957 года, 3этаж 2006-5/4822 2242866  
Книга 16.08.2006 Обязательный экземпляр   РНБ (Московский) РНБ (Московский) Обменный фонд   2242867  
Книга 23.08.2006 Дар 150.00 РНБ (Московский) РНБ (Московский) Обменный фонд, без заказа   2246437  
Книга 23.08.2006 Дар 150.00 РНБ (Московский) РНБ (Московский) Обменный фонд, без заказа   2246439  
Книга 23.08.2006 Дар 150.00 РНБ (Московский) РНБ (Московский) Обменный фонд, без заказа   2246440  
Книга 23.08.2006 Дар 150.00 РНБ (Московский) РНБ (Московский) Обменный фонд, без заказа   2246441  
Книга 23.08.2006 Подсобные фонды РНБ 150.00 РНБ (Садовая) РНБ (Садовая) Фонд международного книгообмена   2246442